Architectural inheritance and evolution in India : (Record no. 12622)
[ view plain ]
| 000 -LEADER | |
|---|---|
| fixed length control field | 00738cam a22002055i 4500 |
| 003 - CONTROL NUMBER IDENTIFIER | |
| control field | OSt |
| 005 - DATE AND TIME OF LATEST TRANSACTION | |
| control field | 20240429194733.0 |
| 008 - FIXED-LENGTH DATA ELEMENTS--GENERAL INFORMATION | |
| fixed length control field | 231213s2023 sp a b 000 0deng d |
| 020 ## - INTERNATIONAL STANDARD BOOK NUMBER | |
| International Standard Book Number | 9788412274790 |
| Qualifying information | (paperback) |
| 082 04 - DEWEY DECIMAL CLASSIFICATION NUMBER | |
| Classification number | 720.954 |
| Edition number | 23 |
| Item number | DUT |
| 100 1# - MAIN ENTRY--PERSONAL NAME | |
| Personal name | Dutta, Apurva Bose, |
| Relator term | author. |
| 245 10 - TITLE STATEMENT | |
| Title | Architectural inheritance and evolution in India : |
| Remainder of title | furthering a lineage or building a new identity / |
| Statement of responsibility, etc | author and curator, Apurva Bose Dutta. |
| 250 ## - EDITION STATEMENT | |
| Edition statement | First edition. |
| 260 ## - PUBLICATION, DISTRIBUTION, ETC. (IMPRINT) | |
| Name of publisher, distributor, etc | Altrim Publisher |
| Date of publication, distribution, etc | 2023 |
| 300 ## - PHYSICAL DESCRIPTION | |
| Extent | 152 pages : |
| Other physical details | illustrations (black and white, and colour) ; |
| Dimensions | 24 cm |
| 504 ## - BIBLIOGRAPHY, ETC. NOTE | |
| Bibliography, etc | Includes bibliographical references. |
| 650 #0 - SUBJECT ADDED ENTRY--TOPICAL TERM | |
| Topical term or geographic name as entry element | Architects |
| Geographic subdivision | India. |
| 650 #0 - SUBJECT ADDED ENTRY--TOPICAL TERM | |
| Topical term or geographic name as entry element | Architecture |
| Geographic subdivision | India |
| General subdivision | History. |
| 942 ## - ADDED ENTRY ELEMENTS (KOHA) | |
| Source of classification or shelving scheme | |
| Withdrawn status | Lost status | Source of classification or shelving scheme | Damaged status | Koha normalized classification for sorting | Not for loan | Permanent location | Current location | Date acquired | Source of acquisition | Cost, normal purchase price | Full call number | Barcode | Date last seen | Cost, replacement price | Price effective from | Koha item type | Shelving location |
|---|---|---|---|---|---|---|---|---|---|---|---|---|---|---|---|---|---|
| 720_954000000000000 | BMS College of Architecture, Design and Planning | BMS College of Architecture, Design and Planning | 2023-05-22 | 8 | 1194.00 | 720.954 | AR-UG3054 | 2023-05-22 | 1990.00 | 2023-05-22 | UG Books | ||||||
| 720_954000000000000_DUT | BMS College of Architecture, Design and Planning | BMS College of Architecture, Design and Planning | 2024-04-29 | 10 | 1406.00 | 720.954 DUT | AR-UG3763 | 2024-04-29 | 1900.00 | 2024-04-29 | UG Books | ||||||
| 720_954000000000000_DUT | BMS College of Architecture, Design and Planning | BMS College of Architecture, Design and Planning | 2024-04-29 | 10 | 1406.00 | 720.954 DUT | AR-UG3762 | 2024-04-29 | 1900.00 | 2024-04-29 | UG Books | ||||||
| 720_954000000000000_DUT | BMS College of Architecture, Design and Planning | BMS College of Architecture, Design and Planning | 2024-04-29 | 10 | 1406.00 | 720.954 DUT | AR-UG3761 | 2024-04-29 | 1900.00 | 2024-04-29 | UG Books | ||||||
| 720_954000000000000_DUT | BMS College of Architecture, Design and Planning | BMS College of Architecture, Design and Planning | 2024-04-29 | 10 | 1406.00 | 720.954 DUT | AR-UG3759 | 2024-04-29 | 1900.00 | 2024-04-29 | UG Books | ||||||
| 720_954000000000000_DUT | BMS College of Architecture, Design and Planning | BMS College of Architecture, Design and Planning | 2024-04-18 | 720.954 DUT | AR-UG3760 | 2024-04-18 | 2024-04-18 | UG Books | |||||||||
| 720_954000000000000_DUT | BMS College of Architecture, Design and Planning | BMS College of Architecture, Design and Planning | 2025-12-16 | 720.954 DUT | AR-UG5131 | 2026-02-10 | 2026-02-10 | UG Books | General Stacks |